000
00321nam a22001337a 4500
082
_a
823
_b
JAI/L
100
_a
JAIN, KULDEEP
245
_a
LITTLE RED RIDING HOOD
246
_a
LITTLE RED RIDING HOOD
_b
LITTLE RED RIDING HOOD
260
_a
NEW DELHI
_b
PEGASUS
_c
2025
300
_a
16
650
_a
ENGLISH STORY
942
_c
BK
999
_c
9157
_d
9157